000
00342nam a22001577a 4500
003
SGT
020
_a
9789356963825
082
_a
617.7
_b
E25B
100
_a
BASAK, SAMAR K.
245
_a
ESSENTIALS OF OPHTHALMOLOGY
250
_a
8TH
260
_a
INDIA
_b
JAYPEE PUB
_c
2025
300
_a
612
650
_a
OPHTHALMOLOGY
942
_2
ddc
_c
BK
999
_c
33571
_d
33571